000 00365nam a2200145Ia 4500
008 230917s9999||||xx |||||||||||||| ||und||
040 _e36587
_aMAIN
041 _aEnglish
082 _a658.4 D84M
100 _aDrucker, Peter F
245 0 _aManaging in turbulent times
260 _aNew Delhi
_bAllied Publishers
_c1980
300 _aviii, 239 p.
942 _cBK
999 _c215572
_d215572